000 00521 a2200181 4500
020 _a9781138684973
082 _a801.95
_bSIB/D
100 _aSibel Irzik
245 _aDeconstruction and the politics of criticism/
_cby Sibel Irzik
260 _bGarland Publishing,
_aNew York,
_c1990.
300 _a94p.
490 _aRoutledge library editions: literary theory;16.
650 _aDeconstruction
650 _aLiterature Philosophical Aspects
650 _aLiterary Criticism
650 _aLiterature
942 _cBK
999 _c66453
_d66453